000 00615nam a22002297a 4500
005 20260330110907.0
008 260330b |||||||| |||| 00| 0 eng d
020 _a978-93-85877-44-5
_cRs.395.00
040 _aLoreto College
041 _aEnglish
082 _a370.114
_bRAO
100 _aRao,K Ravikanth
245 _aLife skills education
_cK Ravikanth Rao and P Dinakar
260 _aHyderabad
_bNeelkamal publications
_c2016
300 _axii,195p.;24cm.
504 _aIncludes index
650 _aEducation
650 _aLife Skills
700 _4Auth
_aDinakar,P.
850 _aLCLIB
942 _cBK
999 _c44308
_d94787